[Event "TePe Sigeman Co 2022"]
[Site "Malmo"]
[Date "2022.05.09"]
[Round "7.1"]
[White "Grandelius, Nils"]
[Black "Shirov, Alexei"]
[Result "1/2-1/2"]
[WhiteElo "2635"]
[BlackElo "2695"]
[Annotator "TA"]
[PlyCount "70"]
[EventDate "2022.05.03"]
[EventType "tourn"]
[EventCountry "SWE"]
[SourceTitle "playchess.com"]
[Source "ChessBase"]
[SourceQuality "1"]

{[%evp 15,70,14,13,10,21,8,12,9,10,13,0,7,25,25,25,25,25,14,25,26,27,13,20,0,20,6,11,11,18,24,27,29,42,0,0,0,0,0,42,12,12,12,32,41,36,0,0,0,0,0,0,0,0,0,0,0,0]} 1. e4 {[%emt 0:00:15]} e5 {[%emt 0:00:05]} 2. Nf3 {[%emt 0:00:08]} Nc6 {[%emt 0:00:04]} 3. Bb5 {[%emt 0:00:16]} a6 {[%emt 0:00:05]} 4. Ba4 {[%emt 0:00:04]} Nf6 {[%emt 0:00:03]} 5. O-O {[%emt 0:00:17]} Be7 {[%emt 0:00:03]} 6. d3 {[%emt 0:01:43]} b5 {[%emt 0:00:42]} 7. Bb3 {[%emt 0:00:08]} d6 {[%emt 0:00:04]} 8. a4 {[%emt 0:01:34]} Bd7 {[%emt 0:00:06]} (8... Bg4 9. c3 O-O 10. Nbd2 b4 11. h3 Bh5 12. a5 Rb8 13. Bc4 Qc8 14. Re1 Nd7 15. Nf1 Kh8 16. g4 Bg6 17. Ng3 Nd8 18. Nf5 Bxf5 19. exf5 bxc3 20. bxc3 {1-0 (38) Grandelius,N (2670)-Shirov,A (2662) chess24.com INT 2021}) 9. Bd2 {[%emt 0:03:50] C84: Closed Ruy Lopez: Unusual White 6th moves.} b4 {[%emt 0:00:32]} 10. a5 {[%emt 0:01:50]} O-O {[%emt 0:00:07]} 11. h3 {[%emt 0:01:31]} Rb8 {[%emt 0:02:44]} 12. c3 {[%emt 0:00:51]} bxc3 {[%emt 0:01:17]} 13. bxc3 {[%emt 0:02:37] [#]} Be6 $146 {[%emt 0:04:02]} ({Predecessor:} 13... h6 14. Be3 Qc8 15. Nbd2 Be6 16. Bc2 d5 17. Ba4 dxe4 18. dxe4 Qb7 19. Bxc6 Qxc6 20. Nxe5 Qxc3 {½-½ (73) Cirrincione,G (2319)-Semmelroth,H (2315) ICCF email 2013}) 14. Bxe6 {[%emt 0:04:47]} fxe6 {[%emt 0:00:23]} 15. Be3 {[%emt 0:03:03]} d5 {[%emt 0:29:48]} 16. Nbd2 {[%emt 0:01:00]} Qd7 {[%emt 0:00:05]} 17. Qc2 {[%emt 0:08:35]} Bd6 {[%emt 0:03:27]} 18. Rfb1 {[%emt 0:07:37]} h6 {[%emt 0:01:01]} 19. d4 {[%emt 0:15:32]} exd4 {[%emt 0:00:50]} 20. Rxb8 {[%emt 0:12:13]} (20. Bxd4 {with more complications.} Rxb1+ 21. Qxb1 Nxe4 22. Nxe4 dxe4 23. Qxe4 Rf5 24. Qe2) 20... Rxb8 {[%emt 0:01:01]} 21. Nxd4 {[%emt 0:01:55]} (21. Bxd4 {keeps more tension.} e5 22. Be3 Qf7 23. exd5 Qxd5 24. c4) 21... Bc5 {[%emt 0:21:17]} (21... Nxe4 {seems wilder.} 22. Nxe4 Nxd4 23. cxd4 dxe4 24. Qxe4 Kh8) 22. exd5 {[%emt 0:06:09]} Nxd5 {[%emt 0:00:29]} (22... exd5 {looks sharper.} 23. Qd3 Bxd4 24. cxd4 Rb5) 23. Nxc6 {[%emt 0:02:10]} Qxc6 {[%emt 0:00:11]} 24. Bxc5 {[%emt 0:01:37]} (24. Bxh6 {is interesting.} Rf8 25. Nf3 gxh6 26. Qg6+) 24... Qxc5 {[%emt 0:00:12]} 25. Ne4 {[%emt 0:04:07]} Qc4 {[%emt 0:01:20]} 26. Rd1 {[%emt 0:04:13]} e5 {[%emt 0:13:09]} 27. Qd3 {[%emt 0:04:03]} Qxd3 {[%emt 0:01:08]} 28. Rxd3 {[%emt 0:00:02]} Nf6 {[%emt 0:01:58]} 29. Nxf6+ {[%emt 0:05:14]} gxf6 $14 {[%emt 0:00:08][%mdl 4096] Endgame KR-KR} 30. Rd7 {[%emt 0:00:28][%cal Bd3d7,Bd7c7,Bc7c6,Bc6a6][%mdl 32]} Rb5 {[%emt 0:00:52] The position is equal.} 31. Rxc7 {[%emt 0:00:08]} Rxa5 {[%emt 0:00:04]} 32. g4 {[%emt 0:01:31]} Rd5 {[%emt 0:05:25]} 33. Rc6 {[%emt 0:04:01]} Kg7 {[%emt 0:00:21]} 34. Rxa6 {[%emt 0:00:04]} Rd3 {[%emt 0:00:08][%csl LRc3,LRh3]} 35. Kg2 {[%emt 0:00:06]} Rxc3 {[%emt 0:00:07] Weighted Error Value: White=0.06 (flawless) /Black=0.05 (flawless)} 1/2-1/2

[Event "TePe Sigeman Co 2022"]
[Site "Malmo"]
[Date "2022.05.09"]
[Round "7.2"]
[White "Van Foreest, Jorden"]
[Black "Niemann, Hans Moke"]
[Result "1/2-1/2"]
[WhiteElo "2715"]
[BlackElo "2656"]
[Annotator "TA"]
[PlyCount "120"]
[EventDate "2022.05.03"]
[EventType "tourn"]
[EventCountry "SWE"]
[SourceTitle "playchess.com"]
[Source "ChessBase"]
[SourceQuality "1"]

{[%evp 17,120,6,6,7,6,8,0,16,15,0,23,15,35,22,25,35,27,17,23,0,0,0,0,0,0,0,0,-5,0,0,0,0,0,0,0,0,0,0,0,0,0,0,0,0,0,0,0,0,0,0,0,0,0,0,0,0,0,0,0,0,0,0,0,0,0,0,0,0,0,0,0,0,0,0,0,0,0,0,0,0,0,0,0,0,0,0,0,0,0,0,0,0,0,0,0,0,0,0,0,0,0,0,0,0,0]} 1. e4 {[%emt 0:00:02]} e5 {[%emt 0:00:31]} 2. Nf3 {[%emt 0:00:17]} Nc6 {[%emt 0:00:12]} 3. Bc4 {[%emt 0:00:36]} Nf6 {[%emt 0:00:47]} 4. d3 {[%emt 0:00:12]} Bc5 {[%emt 0:01:21]} 5. O-O {[%emt 0:00:27]} d6 {[%emt 0:01:03]} 6. c3 {[%emt 0:00:24]} a6 {[%emt 0:00:09]} 7. a4 {[%emt 0:00:45]} Ba7 {[%emt 0:01:29]} 8. b4 {[%emt 0:01:49]} O-O {[%emt 0:02:26]} 9. Nbd2 {[%emt 0:01:38] 9.Re1 is the modern continuation.} Ne7 {[%emt 0:03:17]} 10. Re1 {[%emt 0:04:15] C54: Giuoco Piano: 4 c3 Nf6, main lines with 5 d4 and 5 d3.} Ng6 {[%emt 0:09:22]} 11. h3 {[%emt 0:07:59]} h6 {[%emt 0:06:44]} 12. d4 {[%emt 0:00:43]} Re8 {[%emt 0:05:32]} 13. Bd3 {[%emt 0:01:14]} c6 {[%emt 0:08:33]} 14. Bc2 {[%emt 0:00:24] [#]} d5 $146 {[%emt 0:10:11]} ({Predecessor:} 14... a5 15. bxa5 Qxa5 16. Rb1 b5 17. axb5 cxb5 18. Bd3 Qxc3 19. Bxb5 Bd7 20. Bxd7 Nxd7 {½-½ (31) Williamson,H (2529)-Dijon,J (2461) ICCF email 2018}) 15. Nxe5 {[%emt 0:01:24]} Nxe5 {[%emt 0:00:17]} 16. dxe5 {[%emt 0:00:06]} Rxe5 {[%emt 0:00:37]} 17. Nf3 {[%emt 0:00:33]} Re8 {[%emt 0:00:17][%cal Rf6e4]} 18. e5 {[%emt 0:01:35]} Ne4 {[%emt 0:00:14] The position is equal.} 19. Be3 {[%emt 0:00:06]} Nxc3 {[%emt 0:05:10]} 20. Qd3 {[%emt 0:00:29]} Ne4 {[%emt 0:00:18]} 21. Bxa7 {[%emt 0:01:58]} Rxa7 {[%emt 0:00:19]} 22. Nd2 {[%emt 0:14:53]} Bf5 {[%emt 0:03:35]} 23. Nxe4 {[%emt 0:18:46]} Bxe4 {[%emt 0:03:53]} 24. Qe3 {[%emt 0:00:07][%csl LRa7,LRe4]} Qg5 {[%emt 0:01:11][%csl Ge4][%cal Rg5g2] [#]} 25. Bxe4 {[%emt 0:00:53]} Qxe3 {[%emt 0:00:07]} 26. Rxe3 {[%emt 0:00:04]} dxe4 {[%emt 0:00:07]} 27. Rxe4 $11 {[%emt 0:00:09][%mdl 4096] Endgame KRR-KRR} Raa8 {[%emt 0:00:08]} 28. Rd1 {[%emt 0:02:12]} Rad8 {[%emt 0:00:07] Prevents Rd7.} 29. Rxd8 {[%emt 0:05:08]} Rxd8 {[%emt 0:00:07] KR-KR} 30. f4 {[%emt 0:00:27][%cal Bf2f4,Bf4f5][%mdl 32]} Kf8 {[%emt 0:01:51]} 31. Kf2 {[%emt 0:00:10]} Rd3 {[%emt 0:00:43]} 32. f5 {[%emt 0:03:24]} Ke7 {[%emt 0:01:00]} 33. Ke2 {[%emt 0:04:20]} Ra3 {[%emt 0:09:18]} 34. Rg4 {[%emt 0:00:39]} Kf8 {[%emt 0:00:22]} 35. a5 {[%emt 0:00:46]} c5 {[%emt 0:00:14] Hoping for ...cxb4.} 36. f6 {[%emt 0:02:20]} gxf6 {[%emt 0:00:12]} 37. exf6 {[%emt 0:00:09] Threatens to win with Rc4.} cxb4 {[%emt 0:00:37]} 38. Rxb4 {[%emt 0:00:37]} Rxa5 {[%emt 0:00:08] aiming for ...Re5+.} 39. Rxb7 {[%emt 0:00:04][%cal Rb7b8] [#]} Re5+ {[%emt 0:00:08]} 40. Kd3 {[%emt 0:00:04]} Kg8 {[%emt 0:00:12]} 41. g4 {[%emt 0:07:09]} Re6 {[%emt 0:00:08]} 42. h4 {[%emt 0:00:18]} Rxf6 {[%emt 0:00:08]} 43. Ke4 {[%emt 0:00:07]} Kg7 {[%emt 0:00:53]} 44. Ra7 {[%emt 0:01:14]} Rb6 {[%emt 0:00:54]} 45. Kf5 {[%emt 0:00:41]} Rb5+ {[%emt 0:00:16]} 46. Kf4 {[%emt 0:00:05]} Ra5 {[%emt 0:00:04]} 47. Rc7 {[%emt 0:03:09]} Ra1 {[%emt 0:00:36]} 48. Ra7 {[%emt 0:05:07]} a5 {[%emt 0:03:13]} 49. g5 {[%emt 0:00:37]} hxg5+ {[%emt 0:01:03]} 50. hxg5 {[%emt 0:01:42]} a4 {[%emt 0:00:11]} 51. Ra6 {[%emt 0:00:12]} a3 {[%emt 0:02:46] ...a2 is the strong threat.} 52. Kg3 {[%emt 0:00:06]} Kf8 {[%emt 0:00:32]} 53. Ra7 {[%emt 0:00:09]} a2 {[%emt 0:01:50]} 54. Kg2 {[%emt 0:00:03] Against Rg1+} Ke8 {[%emt 0:00:08]} 55. g6 {[%emt 0:00:04]} fxg6 {[%emt 0:00:33][%cal Bf7g6,Bg6g5,Bg5g4,Bg4g3][%mdl 32]} 56. Kh2 {[%emt 0:00:06]} g5 {[%emt 0:00:06]} 57. Kg2 {[%emt 0:00:03]} g4 {[%emt 0:00:09]} 58. Kh2 {[%emt 0:00:05]} g3+ {[%emt 0:00:04]} 59. Kg2 {[%emt 0:00:04]} Kd8 {[%emt 0:00:07]} 60. Ra3 {[%emt 0:00:23]} Kc7 {[%emt 0:00:06] An interesting draw.  Weighted Error Value: White=0.01 (flawless) /Black=0.01 (flawless)} 1/2-1/2

[Event "TePe Sigeman Co 2022"]
[Site "Malmo"]
[Date "2022.05.09"]
[Round "7.3"]
[White "Adams, Michael"]
[Black "Salem, A.R. Saleh"]
[Result "1-0"]
[WhiteElo "2698"]
[BlackElo "2690"]
[Annotator "TA"]
[PlyCount "75"]
[EventDate "2022.05.03"]
[EventType "tourn"]
[EventCountry "SWE"]
[SourceTitle "playchess.com"]
[Source "ChessBase"]
[SourceQuality "1"]

{[%evp 9,75,8,7,10,25,8,11,8,14,7,14,0,0,0,24,0,0,14,18,0,0,2,7,0,0,0,0,0,0,0,2,0,19,16,107,97,90,89,86,71,93,86,128,137,133,129,254,235,368,374,368,375,372,362,414,401,816,807,768,353,737,402,6291,6291,5417,5410,29989,29990]} 1. e4 {[%emt 0:00:03][%cal Be2e4,Be4e5][%mdl 32]} c6 {[%emt 0:00:06]} 2. d4 {[%emt 0:00:05]} d5 {[%emt 0:00:05]} 3. e5 {[%emt 0:00:04]} Bf5 {[%emt 0:00:06]} 4. h4 {[%emt 0:00:05]} h5 {[%emt 0:00:05]} 5. Bd3 {[%emt 0:00:05]} Bxd3 {[%emt 0:00:06]} 6. Qxd3 {[%emt 0:00:05][%cal Oe5e6] B12: Caro-Kann: Advance Variation.} Qa5+ {[%emt 0:00:08]} 7. Nd2 {[%emt 0:00:29][%cal Oe5e6]} e6 {[%emt 0:00:06]} 8. Ngf3 {[%emt 0:00:15] The position is equal.} Nh6 {[%emt 0:00:18]} 9. O-O {[%emt 0:00:18]} Nf5 {[%emt 0:00:07]} 10. Nb3 {[%emt 0:02:58]} Qa6 {[%emt 0:00:07]} 11. Qd1 {[%emt 0:00:14]} c5 {[%emt 0:00:06] [#]} 12. Bg5 $146 {[%emt 0:07:28]} ({Predecessor:} 12. dxc5 Nd7 13. c3 Bxc5 14. Bg5 Qa4 15. Rc1 Rc8 16. Nbd4 Qxd1 17. Rfxd1 Bxd4 18. Nxd4 {½-½ (40) Aryan,C (2540)-Sjugirov,S (2663) Moscow 2019}) 12... cxd4 {[%emt 0:04:06]} 13. Nbxd4 {[%emt 0:00:14]} Nxd4 {[%emt 0:00:11]} 14. Nxd4 {[%emt 0:12:01][%cal Oc2c4]} Nc6 {[%emt 0:01:37]} 15. Nxc6 {[%emt 0:01:34]} Qxc6 {[%emt 0:01:45]} 16. a4 {[%emt 0:04:37]} Rc8 {[%emt 0:01:33]} 17. a5 {[%emt 0:03:20]} Be7 {[%emt 0:11:33]} (17... Qxc2 $2 18. Rc1 Qxc1 19. Bxc1 $18) 18. Bxe7 {[%emt 0:06:16]} Kxe7 {[%emt 0:00:02]} 19. c3 {[%emt 0:00:25]} Qb5 {[%emt 0:08:48]} 20. Qd4 {[%emt 0:05:28]} Qc5 {[%emt 0:12:03]} (20... Qxb2 $2 21. Rab1 Qxc3 22. Rxb7+ Kd8 23. Qxa7 $18) 21. Qf4 {[%emt 0:04:34]} Rhd8 {[%emt 0:18:22]} (21... Kf8 $11 {keeps the balance.}) 22. Qg5+ $1 $16 {[%emt 0:02:40] Black is on the road to losing.} Kf8 {[%emt 0:00:13]} 23. Qxh5 {[%emt 0:00:52]} Kg8 {[%emt 0:00:10] Against Qh8+} 24. Qg5 {[%emt 0:08:28]} d4 {[%emt 0:12:31]} 25. Rfd1 {[%emt 0:08:43]} d3 {[%emt 0:02:00]} 26. Ra4 {[%emt 0:02:06]} Rd5 {[%emt 0:02:05]} 27. Rg4 {[%emt 0:02:21][%csl Gg4][%cal Rg5g7]} g6 {[%emt 0:08:59] [#]} (27... Qf8 $16) 28. Re4 $1 $18 {[%emt 0:03:49]} Qxa5 {[%emt 0:02:49] [#]} (28... Kf8 $142 29. h5 gxh5 30. Qxh5 Ke8) 29. h5 $1 {[%emt 0:01:12][%cal Bh4h5,Bh5h6,Bh6h7][%mdl 32]} Qd8 {[%emt 0:00:11]} 30. Qg3 {[%emt 0:00:42]} g5 {[%emt 0:05:04]} 31. Rg4 {[%emt 0:01:47][%cal Be4g4,Bg4g5,Bg5h5][%mdl 32]} Kh8 {[%emt 0:00:06]} 32. Rxg5 {[%emt 0:02:16]} Rc4 {[%emt 0:08:25]} (32... Rc7 $142 33. Rg7 Rdd7) 33. h6 {[%emt 0:03:38] Hoping for Rg7.} Qf8 {[%emt 0:00:16]} 34. Rxd3 {[%emt 0:08:56]} (34. h7 $142 {Threatening mate with Rg8+.} Rc8 35. Rg8+ Qxg8 36. hxg8=Q+ Rxg8 37. Qh3+ Kg7 38. Rxd3 Rxd3 39. Qxd3) 34... Re4 $2 {[%emt 0:00:04]} (34... Rxd3 35. Qxd3 Rh4) 35. Rh5 {[%emt 0:02:30] aiming for Rxd5.} a5 {[%emt 0:03:14]} (35... Rxd3 $142 36. Qxd3 Rg4) 36. Rxd5 {[%emt 0:01:38]} exd5 {[%emt 0:00:03]} 37. h7 {[%emt 0:00:48] Intending Qg5 and mate.} a4 {[%emt 0:00:26]} 38. Qg5 {[%emt 0:00:58] Weighted Error Value: White=0.25 (precise) /Black=0.52} 1-0

[Event "TePe Sigeman Co 2022"]
[Site "Malmo"]
[Date "2022.05.09"]
[Round "7.4"]
[White "Navara, David"]
[Black "Erigaisi Arjun"]
[Result "1/2-1/2"]
[WhiteElo "2682"]
[BlackElo "2675"]
[Annotator "TA"]
[PlyCount "117"]
[EventDate "2022.05.03"]
[EventType "tourn"]
[EventCountry "SWE"]
[SourceTitle "playchess.com"]
[Source "ChessBase"]
[SourceQuality "1"]

{[%evp 19,117,24,24,33,20,17,27,23,27,7,16,0,0,0,9,0,7,-14,0,0,7,0,0,0,0,0,8,6,13,12,12,12,11,11,11,12,13,13,10,14,9,4,18,13,21,16,19,0,0,0,0,0,0,0,0,0,0,0,0,0,0,0,0,0,0,0,3,0,11,0,0,0,0,0,0,0,0,0,0,0,0,0,0,0,0,0,0,0,0,0,0,0,0,0,0,0,0,0,0,0]} 1. d4 Nf6 {[%emt 0:00:07]} 2. c4 {[%emt 0:00:11]} e6 {[%emt 0:00:06]} 3. Nf3 {[%emt 0:00:04]} d5 {[%emt 0:00:06]} 4. Nc3 {[%emt 0:00:08]} c5 {[%emt 0:00:06]} 5. e3 {[%emt 0:00:07]} dxc4 {[%emt 0:00:07]} 6. Bxc4 {[%emt 0:00:16]} a6 {[%emt 0:00:05]} 7. O-O {[%emt 0:04:19]} b5 {[%emt 0:00:16]} 8. Be2 {[%emt 0:00:07]} Bb7 {[%emt 0:00:07]} 9. dxc5 {[%emt 0:00:24]} Bxc5 {[%emt 0:00:06]} 10. Qxd8+ {[%emt 0:00:53]} Kxd8 {[%emt 0:00:05]} 11. Nd2 {[%emt 0:01:10] D27: Queen's Gambit Accepted: Classical main line: 7 e4!? and 7 a4.} Ke7 $1 {[%emt 0:00:06][%mdl 4] is currently scoring better than 11...Nbd7.} 12. Nb3 {[%emt 0:00:14]} Nbd7 {[%emt 0:00:05]} 13. Na5 {[%emt 0:01:01] White has an edge.} Rab8 {[%emt 0:00:07][%cal Ba8b8,Bb8b7,Bb7c7][%mdl 32]} 14. Nxb7 {[%emt 0:01:12]} Rxb7 {[%emt 0:00:06] The position is equal.} 15. Bd2 {[%emt 0:02:34]} Bd6 {[%emt 0:07:17]} 16. Rfd1 {[%emt 0:03:56] [#]} Rc7 $146 {[%emt 0:06:55]} ({Predecessor:} 16... Rd8 17. Be1 Nb6 18. Rac1 g5 19. h3 Be5 20. b3 Rc7 21. Nb1 Rxd1 22. Rxc7+ Bxc7 23. Bxd1 {½-½ (55) Petrosyan,M (2632)-Erigaisi,A (2567) Paracin 2021}) 17. Be1 {[%emt 0:02:23][%cal Oe2b5]} Rb8 {[%emt 0:01:24]} 18. f3 {[%emt 0:21:47]} b4 {[%emt 0:20:04]} 19. Na4 {[%emt 0:00:46]} Nd5 {[%emt 0:00:09]} 20. Bf2 {[%emt 0:06:17]} (20. e4 {seems wilder.} N5b6 21. Rxd6 Kxd6 22. Rd1+) 20... N5b6 {[%emt 0:10:26]} 21. Nxb6 {[%emt 0:01:02]} Rxb6 {[%emt 0:00:06]} 22. Rd2 {[%emt 0:06:23] Inhibits Rc2.} a5 {[%emt 0:08:17]} 23. Rad1 {[%emt 0:01:58]} Bc5 {[%emt 0:02:04]} 24. Rc1 {[%emt 0:18:49]} Bd6 {[%emt 0:00:27]} 25. Rxc7 {[%emt 0:00:31]} (25. Bh4+ {looks sharper.} f6 26. Rxc7 Bxc7 27. Rc2) 25... Bxc7 {[%emt 0:00:05]} 26. Rc2 {[%emt 0:05:19]} Bd6 {[%emt 0:01:05]} 27. b3 {[%emt 0:00:43]} Rb7 {[%emt 0:02:17]} 28. Kf1 {[%emt 0:00:49]} Rc7 {[%emt 0:00:33]} 29. Rxc7 {[%emt 0:00:18]} Bxc7 $11 {[%emt 0:00:05][%mdl 4096] Endgame KBB-KBN} 30. Bb5 {[%emt 0:00:44]} Bb6 {[%emt 0:04:47]} (30... Bxh2 $2 31. g3 $18) 31. Ke2 {[%emt 0:03:26]} Bc5 {[%emt 0:01:28]} 32. Bg3 {[%emt 0:01:37]} Bd6 {[%emt 0:03:58]} 33. Bxd6+ {[%emt 0:01:14]} Kxd6 {[%emt 0:00:05]} 34. Bxd7 {[%emt 0:00:21]} Kxd7 {[%emt 0:00:05] KP-KP} 35. Kd3 {[%emt 0:00:12]} Kc7 {[%emt 0:13:16]} 36. g4 {[%emt 0:12:16]} Kc6 {[%emt 0:11:26]} 37. Kd4 {[%emt 0:03:26]} Kd6 {[%emt 0:00:56]} 38. Kc4 {[%emt 0:00:21] [#] Threatens to win with Kb5.} Kc6 {[%emt 0:00:05]} 39. Kd4 {[%emt 0:00:46]} Kd6 {[%emt 0:00:05]} 40. Kc4 {[%emt 0:01:49] And now Kb5 would win.} Kc6 {[%emt 0:00:05]} 41. g5 {[%emt 0:22:42]} Kb6 {[%emt 0:11:40]} 42. Kd4 {[%emt 0:03:13] [#] Black must now prevent Ke5.} Kc6 {[%emt 0:00:06]} 43. Kc4 {[%emt 0:01:47]} Kb6 {[%emt 0:00:06]} 44. h4 {[%emt 0:03:49]} Kc6 {[%emt 0:01:13]} 45. h5 {[%emt 0:00:10]} h6 {[%emt 0:00:32]} 46. f4 {[%emt 0:00:42]} f6 $1 {[%emt 0:01:24]} 47. g6 {[%emt 0:01:04]} f5 $1 {[%emt 0:00:45]} 48. Kd4 {[%emt 0:00:20]} Kd6 {[%emt 0:00:05]} 49. e4 {[%emt 0:00:31]} fxe4 {[%emt 0:00:06]} 50. Kxe4 {[%emt 0:00:04]} Ke7 {[%emt 0:00:36]} 51. Kd4 {[%emt 0:00:56] Threatening mate with Kc5.} Kd6 {[%emt 0:00:58]} 52. Kd3 {[%emt 0:00:45]} Kd7 {[%emt 0:01:40]} 53. Ke4 {[%emt 0:00:15]} Ke7 {[%emt 0:00:10]} 54. Ke3 {[%emt 0:00:11]} Kf6 {[%emt 0:00:19]} 55. Ke2 {[%emt 0:00:55]} Ke7 {[%emt 0:05:37]} (55... Kf5 $5 56. Kf3 Kf6 $11) 56. Ke3 {[%emt 0:00:26]} Kf6 {[%emt 0:00:12]} 57. Kf2 {[%emt 0:00:19]} Kf5 {[%emt 0:01:21]} 58. Kf3 {[%emt 0:00:07]} Kf6 $1 {[%emt 0:00:13]} 59. Ke4 {[%emt 0:00:23] A rather calm draw.  Weighted Error Value: White=0.03 (flawless) /Black=0.02 (flawless)} 1/2-1/2